Will Ferrell Movies - Statistics

General Stats
  • This quiz has been taken 38 times
    36 since last reset
  • The average score is 7 of 16
Answer Stats
Release Year Costars Answer % Correct
2003 James Caan, Zooey Deschanel Elf
86%
2008 John C. Reilly, Richard Jenkiks Step Brothers
75%
2010 Mark Wahlberg, Eva Mendes The Other Guys
68%
2004 Paul Rudd, Christina Applegate Anchorman: The Legend of Ron Burgundy
64%
2015 Kevin Hart, Alison Brie Get Hard
64%
2003 Luke Wilson, Vince Vaughn Old School
64%
2005 Vince Vaughn, Owen Wilson Wedding Crashers
64%
2015 Mark Wahlberg, Linda Cardellini Daddy's Home
61%
2023 Margot Robbie, Ryan Gosling Barbie
50%
2018 John C. Reilly, Ralph Fiennes Holmes & Watson
36%
2010 David Cross, Tina Fey Megamind
29%
2009 Danny McBride, Anna Friel Land of the Lost
25%
2014 Chris Pratt, Elizabeth Banks The Lego Movie
21%
2006 John C. Reilly, Michael Clarke Duncan Talladega Nights: The Ballad of Ricky Bobby
18%
2001 Kevin Smith, Jason Mewes Jay and Silent Bob Strike Back
7%
2022 Ryan Reynolds, Octavia Spencer Present
4%
No matching quizzes found
Score Distribution
Percent of People with Each Score
Percentile by Number Answered
Your Score History
You have not taken this quiz since the last reset